Industrial growth and world trade : (Record no. 9961)
[ view plain ]
| 000 -LEADER | |
|---|---|
| fixed length control field | 00889cam a22002531 4500 |
| 001 - CONTROL NUMBER | |
| control field | 9961 |
| 003 - CONTROL NUMBER IDENTIFIER | |
| rucl marc code | BD-RjUL |
| 005 - DATE AND TIME OF LATEST TRANSACTION | |
| control field | 20211208234854.0 |
| 008 - FIXED-LENGTH DATA ELEMENTS--GENERAL INFORMATION | |
| fixed length control field | 140122s19651963enka b 000 0 eng |
| 035 ## - SYSTEM CONTROL NUMBER | |
| System control number | (BD-RjUL)10007 |
| System control number | (OCoLC)238161 |
| 040 ## - CATALOGING SOURCE | |
| Original cataloging agency | DLC |
| Transcribing agency | ODaWU |
| Modifying agency | OCoLC |
| -- | Uk |
| -- | DLC |
| -- | BD-RjUL |
| Language of cataloging | eng |
| 041 ## - LANGUAGE CODE | |
| Language code of text/sound track or separate title | eng |
| 082 ## - DEWEY DECIMAL CLASSIFICATION NUMBER | |
| Classification number | 382 |
| Author mark and year | MAI 1965 |
| Edition number | 23 |
| 100 1# - MAIN ENTRY--PERSONAL NAME | |
| Personal name | Maizels, Alfred. |
| 9 (RLIN) | 20145 |
| 245 10 - TITLE STATEMENT | |
| Title | Industrial growth and world trade : |
| Remainder of title | an empirical study of trends in production, consumption and trade in manufactures from 1899-1959, with a discussion of probable future trends / |
| Statement of responsibility, etc. | Alfred Maizels. |
| 260 ## - PUBLICATION, DISTRIBUTION, ETC. (IMPRINT) | |
| Place of publication, distribution, etc. | Cambridge [Eng.] : |
| Name of publisher, distributor, etc. | University Press, |
| Date of publication, distribution, etc. | 1963 [Reorint 1965]. |
| 300 ## - PHYSICAL DESCRIPTION | |
| Pagination | xxiii, 563 p. : |
| Illustrations | ill. ; |
| Size | 24 cm. |
| 504 ## - BIBLIOGRAPHY, ETC. NOTE | |
| Bibliography, etc | Bibliography: p. 549-556. |
| 650 #0 - SUBJECT ADDED ENTRY--TOPICAL TERM | |
| Topical term or geographic name as entry element | Commerce. |
| 9 (RLIN) | 30764 |
| Topical term or geographic name as entry element | Industrialization. |
| 9 (RLIN) | 30765 |
| 942 ## - ADDED ENTRY ELEMENTS (KOHA) | |
| Source of classification or shelving scheme | Dewey Decimal Classification |
| Koha item type | Books |
| Lost status | Source of classification or shelving scheme | Materials specified (bound volume or other part) | Damaged status | Not for loan | Collection code | Permanent Location | Current Location | Shelving location | Date acquired | Source of acquisition | Cost, normal purchase price | Total Checkouts | Full call number | Date last seen | Copy number | Koha item type |
|---|---|---|---|---|---|---|---|---|---|---|---|---|---|---|---|---|
| Dewey Decimal Classification | V-21 | Non-fiction | Central Library, University of Rajshahi | Central Library, University of Rajshahi | American agency | 80.00 | 382 MAI 1965 | 22/01/2014 | C-2 | Books | ||||||
| Dewey Decimal Classification | Non-fiction | Central Library, University of Rajshahi | Central Library, University of Rajshahi | 25/11/1965 | Zuitlinger | 75.00 | 382 MAI 1965 | 25/07/2016 | C-3 | Books | ||||||
| Dewey Decimal Classification | Not For Loan | Non-fiction | Central Library, University of Rajshahi | Central Library, University of Rajshahi | Reading Room | 25/11/1965 | Zeithlinger | 75.00 | 382 MAI 1965 | 09/05/2017 | C-1 | Books |